000 00398nam a2200157Ia 4500
008 230711s9999||||xx |||||||||||||| ||und||
041 _aENG
082 _a621.3
_bMA-L
100 _aManke,B.S
245 0 _aLinear control systems with matlab applications
250 _a11th Ed.
260 _c2012
_aNew Delhi
_bKhanna Publishers
300 _a740
650 _aElectrical Engineering
942 _cBK
999 _c5636
_d5636